[Event "Wellington Open 2023"]
[Site "Wellington Chess Club"]
[Date "2023.04.08"]
[Round "3.1"]
[White "Timergazi, Layla"]
[Black "Croad, Nicolas"]
[Result "0-1"]
[WhiteElo "2136"]
[BlackElo "2442"]

1. d4 Nf6 2. c4 e6 3. Nc3 Bb4 4. g3 Bxc3+ 5. bxc3 d6 6. Bg2 O-O 7. Nf3 Nc6 8.
O-O e5 9. d5 Ne7 10. Nd2 Nd7 11. e4 Ng6 12. h4 h6 13. h5 Nh8 14. Nf3 Nc5 15.
Nh4 f6 16. Be3 Nf7 17. f4 Re8 18. f5 b6 19. Ng6 Ba6 20. Bxc5 dxc5 21. Qa4 Bc8
22. Rfe1 Qd7 23. Qc2 Nd6 24. Qb3 Ba6 25. Bf1 Nb7 26. a4 Na5 27. Qa2 Red8 28.
Rad1 Qe8 29. g4 Rd6 30. Rd2 Rad8 31. Bd3 Bc8 32. Rf2 R6d7 33. Ref1 Rf7 34. Ra1
c6 35. Re2 Qd7 36. Re3 Re8 37. Rae1 Qb7 38. Bf1 Qa6 39. Bd3 Bd7 40. Ra1 Qb7 41.
Kh2 Qc7 42. Kg2 Bc8 43. Rae1 Ba6 44. R1e2 Ra8 45. Re1 Rd7 46. Rf1 Nb7 47. Rh1
Nd6 48. dxc6 Qxc6 49. g5 Nf7 50. gxh6 gxh6 51. Qc2 Kh7 52. Rhe1 Ng5 53. Kg3
Rad8 54. R1e2 Qc7 55. Kh4 Bb7 56. Rg3 Rd6 57. Rge3 Qd7 58. Rd2 Bxe4 59. Bxe4
Rxd2 60. Rd3 Rxd3 0-1

[Event "Wellington Open 2023"]
[Site "Wellington Chess Club"]
[Date "2023.04.08"]
[Round "3.2"]
[White "Cilia Vincenti, David"]
[Black "Dive, Russell"]
[Result "0-1"]
[WhiteElo "2136"]
[BlackElo "2350"]

1. d4 Nf6 2. c4 e6 3. Nc3 Bb4 4. Qc2 c5 5. dxc5 Na6 6. a3 Bxc3+ 7. Qxc3 Nxc5 8.
f3 a5 9. e4 a4 10. Be3 Qa5 11. Qxa5 Rxa5 12. O-O-O Ke7 13. Ne2 d6 14. Nc3 Bd7
15. Be2 h6 16. Bf4 e5 17. Be3 Rc8 18. Kb1 Nb3 19. f4 Bg4 20. Bb6 Bxe2 21. Nxe2
Ra6 22. fxe5 dxe5 23. Be3 Nxe4 24. Rd5 Ke6 0-1

[Event "Wellington Open 2023"]
[Site "Wellington Chess Club"]
[Date "2023.04.08"]
[Round "3.3"]
[White "Winter, Ryan"]
[Black "Tang, Hao"]
[Result "1/2-1/2"]
[WhiteElo "2209"]
[BlackElo "2133"]

1. e4 d5 2. exd5 Qxd5 3. Nc3 Qa5 4. d4 Nf6 5. Bc4 c6 6. Bd2 Bf5 7. Nd5 Qd8 8.
Nxf6+ gxf6 9. c3 Rg8 10. Ne2 Qb6 11. Qb3 Qxb3 12. Bxb3 Nd7 13. Ng3 Bg6 14. O-O
e6 15. Rfe1 O-O-O 16. Bf4 h5 17. Ne4 e5 18. dxe5 fxe5 19. Bg3 Be7 20. f3 Rgf8
21. Rad1 f6 22. Bf2 Kc7 23. a4 a5 24. Re2 b5 25. Red2 Nb6 26. Bc5 Rxd2 27. Rxd2
Bxc5+ 28. Nxc5 Rd8 1/2-1/2

[Event "Wellington Open 2023"]
[Site "Wellington Chess Club"]
[Date "2023.04.08"]
[Round "3.4"]
[White "Tanoi, Edward"]
[Black "Sole, Michael"]
[Result "0-1"]
[WhiteElo "1993"]
[BlackElo "2142"]

1. d4 Nf6 2. Nf3 d5 3. c4 e6 4. g3 dxc4 5. Qa4+ Nbd7 6. Qxc4 a6 7. Be3 b5 8.
Qc2 Bb7 9. Bg2 Rc8 10. O-O c5 11. dxc5 Bxc5 12. Bxc5 Nxc5 13. Rd1 Qb6 14. e3
Be4 15. Qe2 Qb7 16. Nh4 O-O 17. Bxe4 Nfxe4 18. Nd2 Nxd2 19. Rxd2 Ne4 20. Rd4
Ng5 21. e4 f5 22. f3 Qb6 23. Qe3 f4 24. gxf4 Rxf4 25. Rad1 Rcf8 26. Kg2 Qc7 27.
e5 Rxd4 28. Qxd4 Qc6 29. Rd3 Nf7 30. Kg3 Rd8 31. Rc3 Qb7 32. Qe3 Qd5 33. f4
Qxa2 34. Qc1 Qd5 35. Rc8 g5 36. Rxd8+ Qxd8 37. Nf3 gxf4+ 38. Qxf4 Qd3 39. h4
Qg6+ 40. Kh2 Qc2+ 41. Kh1 Qb1+ 42. Ng1 Qxb2 43. Qg4+ Kf8 44. Qxe6 Qxe5 45. Qc8+
Kg7 46. Qg4+ Kf8 47. Nf3 Qd5 48. Kh2 Qd6+ 49. Kh3 Qf6 50. Qc8+ Kg7 51. Qg4+ Qg6
52. Qd4+ Kg8 53. Qd5 Qd6 54. Qa8+ Kg7 55. Qe4 Qd7+ 56. Kg2 a5 57. Nd4 Kf6 58.
Qf4+ Ke7 59. Qe4+ Kd6 60. Qf4+ Kc5 61. Nb3+ Kb6 62. Qe3+ Kc7 63. Qa7+ Kd6 64.
Qc5+ Ke6 65. Nd4+ Kf6 66. Nf3 Qg4+ 67. Kf2 Qa4 68. Qc3+ Ke7 69. Qc7+ Kf8 70.
Qb8+ Kg7 71. Qc7 Qa2+ 72. Kg3 Qa3 73. Qf4 Qd6 0-1

[Event "Wellington Open 2023"]
[Site "Wellington Chess Club"]
[Date "2023.04.08"]
[Round "3.5"]
[White "Huang, Alex"]
[Black "Malcolm, Leo"]
[Result "0-1"]
[WhiteElo "2138"]
[BlackElo "1777"]

1. e4 e5 2. Nf3 Nc6 3. d4 exd4 4. Bc4 Nf6 5. e5 d5 6. Bb5 Ne4 7. Nxd4 Bc5 8.
Bxc6+ bxc6 9. O-O Ba6 10. Re1 Nxf2 11. Kxf2 Qh4+ 12. Kg1 Bxd4+ 13. Kh1 Bf2 14.
Bd2 O-O 15. Nc3 Rae8 16. Qf3 Bxe1 17. Rxe1 Re6 18. g3 Qh3 19. Nd1 g6 20. Ba5 f6
21. Nf2 Qf5 22. Qxf5 gxf5 23. Bxc7 Rfe8 24. Kg2 fxe5 25. Kf3 Kf7 26. h4 d4 27.
Nh3 h6 28. g4 e4+ 29. Kf4 e3 30. gxf5 Re4+ 31. Kf3 Rxh4 32. Nf4 Rh2 33. Ng2 Rh5
34. Bg3 Rxf5+ 35. Nf4 c5 36. b4 Bb7+ 37. Ke2 Rg8 38. Bh2 Rg4 0-1

[Event "Wellington Open 2023"]
[Site "Wellington Chess Club"]
[Date "2023.04.08"]
[Round "3.6"]
[White "Ker, Anthony"]
[Black "Wang, Justin Zhide"]
[Result "1-0"]
[WhiteElo "2425"]
[BlackElo "1875"]

1. e4 e6 2. d4 d5 3. Nc3 Nf6 4. Bg5 Bb4 5. exd5 exd5 6. Qf3 c6 7. O-O-O Bxc3 8.
Qxc3 Ne4 9. Bxd8 Nxc3 10. bxc3 Kxd8 11. c4 Be6 12. cxd5 cxd5 13. Nf3 Nc6 14.
Ng5 Rc8 15. Kb2 h6 16. Nxe6+ fxe6 17. g3 Na5 18. Bh3 Nc4+ 19. Kc1 Re8 20. Rhe1
Rc6 21. Re2 Ra6 22. Kb1 Rb6+ 23. Ka1 Rc6 24. Rde1 Na3 25. Kb2 Nc4+ 26. Kc1 Kd7
27. f4 g6 28. f5 gxf5 29. Bxf5 b5 30. Bh3 a5 31. Rf1 Nd6 32. Rf6 Ne4 33. Rxh6
Rc4 34. Bg2 Nc3 35. Rd2 Nxa2+ 36. Kb2 Nb4 37. Bf1 Rc7 38. Bxb5+ Nc6 39. c4 dxc4
40. d5 Rb8 41. dxc6+ Ke7 42. Rh7+ Kf6 43. Rxc7 Rxb5+ 44. Kc3 Rb3+ 45. Kxc4 Rb4+
46. Kc5 Rb1 47. Ra7 Rc1+ 48. Kd6 Rc4 49. c7 a4 50. Ra8 e5 51. c8=Q Rxc8 52.
Rxc8 e4 53. Rf2+ Kg7 54. Rc7+ Kg8 55. Rb2 Kf8 56. Rb8# 1-0

[Event "Wellington Open 2023"]
[Site "Wellington Chess Club"]
[Date "2023.04.08"]
[Round "3.7"]
[White "Aldridge, Alan"]
[Black "Cummings, Nick"]
[Result "1/2-1/2"]
[WhiteElo "1760"]
[BlackElo "2153"]

1. e4 c6 2. d4 d5 3. Nc3 dxe4 4. Nxe4 Bf5 5. Ng3 Bg6 6. Nf3 Nd7 7. Bd3 e6 8.
Bf4 Ngf6 9. c4 Bb4+ 10. Bd2 Bxd3 11. Bxb4 Bxc4 12. Qc2 Bd5 13. O-O-O Bxf3 14.
gxf3 Qc7 15. Ne4 Nxe4 16. fxe4 O-O-O 17. Kb1 Nf6 18. f3 Rd7 19. Rhg1 Rhd8 20.
Rxg7 e5 21. d5 cxd5 22. Qa4 Qb6 23. Rc1+ Kb8 24. Bc5 Qa6 25. Qxa6 bxa6 26. exd5
Nxd5 27. Rxh7 Nf4 28. Be3 Nd5 29. Bh6 Rg8 30. Re1 Nf6 31. Rg7 Rh8 32. Bc1 Rxh2
33. Rxe5 1/2-1/2

[Event "Wellington Open 2023"]
[Site "Wellington Chess Club"]
[Date "2023.04.08"]
[Round "3.8"]
[White "Archer, Ollie"]
[Black "Loke, Kayden"]
[Result "1-0"]
[WhiteElo "2151"]
[BlackElo "1972"]

1. d4 Nf6 2. Bg5 h6 3. Bh4 d5 4. Nd2 Bf5 5. c4 e6 6. e3 Be7 7. Qb3 Qc8 8. Rc1
Nbd7 9. Bd3 Bxd3 10. Qxd3 O-O 11. Ngf3 c6 12. O-O Re8 13. Rfe1 Qd8 14. a3 Rc8
15. b4 Nh7 16. Bxe7 Qxe7 17. e4 dxe4 18. Nxe4 Nhf6 19. Nc3 Qd6 20. Rcd1 Rcd8
21. Qe2 Qc7 22. Ne5 Nxe5 23. Qxe5 Qxe5 24. dxe5 Nd7 25. Ne4 Nb6 26. Nd6 Re7 27.
Kf1 Kf8 28. Ke2 Red7 29. f4 Ke7 30. g4 Nc8 31. c5 Nxd6 32. cxd6+ Ke8 33. f5 Kf8
34. fxe6 fxe6 35. Rf1+ Rf7 36. h4 Rd7 37. g5 hxg5 38. hxg5 Rxf1 39. Rxf1+ Kg8
40. g6 b6 41. Rc1 Kf8 42. Rxc6 Ke8 43. Rc1 Rd8 44. b5 Rd7 45. Rh1 Rd8 46. Rh7
Rc8 47. d7+ Kxd7 48. Rxg7+ Kd8 49. Rg8+ Kd7 50. Rxc8 Kxc8 51. g7 Kb7 52. g8=Q
1-0

[Event "Wellington Open 2023"]
[Site "Wellington Chess Club"]
[Date "2023.04.08"]
[Round "3.9"]
[White "Jackson, Ross"]
[Black "Van der Hoorn, Thomas"]
[Result "0-1"]
[WhiteElo "1885"]
[BlackElo "2068"]

1. d4 Nf6 2. c4 e6 3. Nf3 d5 4. cxd5 exd5 5. Nc3 c6 6. Qc2 g6 7. Bg5 Bg7 8. e3
Bf5 9. Bd3 Bxd3 10. Qxd3 O-O 11. h4 h5 12. O-O-O Nbd7 13. g4 hxg4 14. Ne5 Qe8
15. Nxd7 Qxd7 16. Bxf6 Bxf6 17. h5 Qf5 18. hxg6 Qxd3 19. gxf7+ Kxf7 20. Rxd3
Rh8 21. Rdd1 Kg6 22. Ne2 Bh4 23. Nf4+ Kf5 24. Rhf1 Bg5 25. f3 g3 26. Ng2 Rh2
27. Rg1 Rxg2 28. Rxg2 Bxe3+ 29. Kc2 Kf4 30. Kd3 Bf2 31. Rxf2 gxf2 32. Ke2 Kg3
33. Kf1 Rh8 34. Ke2 Kg2 0-1

[Event "Wellington Open 2023"]
[Site "Wellington Chess Club"]
[Date "2023.04.08"]
[Round "3.10"]
[White "Young, Cohen"]
[Black "Sova, Leo"]
[Result "1-0"]
[WhiteElo "1994"]
[BlackElo "1253"]

1. d4 d5 2. c4 e6 3. Nc3 Nf6 4. cxd5 exd5 5. Bg5 Nbd7 6. e3 Be7 7. Bd3 h6 8.
Bh4 c6 9. Nge2 Ne4 10. Nxe4 dxe4 11. Bxe7 Qxe7 12. Bc2 Qb4+ 13. Kf1 Nf6 14. Ng3
Qe7 15. Qb1 O-O 16. Nxe4 Nxe4 17. Bxe4 f5 18. Bf3 Be6 19. h4 Bc4+ 20. Be2 Bxe2+
21. Kxe2 f4 22. e4 Qb4 23. Qd3 Qxb2+ 24. Kf3 Qb6 25. Qb3+ Qxb3+ 26. axb3 a6 27.
h5 Rf6 28. Rh4 Raf8 29. e5 Rf5 30. Re1 Rd8 31. Re4 Kf7 32. Rhxf4 Rxf4+ 33.
Rxf4+ Ke6 34. Ke4 Rd7 35. Rg4 Re7 36. f4 a5 37. f5+ Kd7 38. Rg6 b5 39. f6 gxf6
40. Rxf6 Re6 41. Rf1 Re8 42. d5 cxd5+ 43. Kxd5 Re7 44. Rf6 Rh7 45. Ra6 1-0

[Event "Wellington Open 2023"]
[Site "Wellington Chess Club"]
[Date "2023.04.08"]
[Round "3.12"]
[White "Chen, Wei Kai"]
[Black "Campbell, Cazna"]
[Result "1/2-1/2"]
[WhiteElo "1973"]
[BlackElo "1701"]

1. e4 c6 2. d4 d5 3. Nc3 dxe4 4. Nxe4 Nf6 5. Nxf6+ exf6 6. Nf3 Bd6 7. Bc4 O-O
8. O-O Bg4 9. Qd3 Qc7 10. h3 Bh5 11. Re1 Nd7 12. c3 Rfe8 13. Bd2 a5 14. Nh4 a4
15. a3 Bg6 16. Nxg6 hxg6 17. Qxg6 Nb6 18. Ba2 Nd5 19. Qg4 Bf8 20. Bxd5 cxd5 21.
Bf4 Qb6 22. Re2 f5 23. Qf3 Re4 24. Rae1 Rae8 25. Qd3 Qe6 26. Rxe4 fxe4 27. Qb5
Qc6 28. Qxc6 bxc6 29. Rc1 c5 30. dxc5 Bxc5 31. Rd1 Rd8 32. Be5 f5 33. Kf1 Kf7
34. Ke2 g6 35. Bd4 Be7 36. Kd2 Rb8 37. Kc2 Ke6 38. Re1 Bf6 39. Bxf6 Kxf6 40.
Rd1 Ke5 41. Rd4 Ra8 42. Rb4 f4 43. Kd2 Kf5 44. Ke2 Ke5 45. Kd2 1/2-1/2

[Event "Wellington Open 2023"]
[Site "Wellington Chess Club"]
[Date "2023.04.08"]
[Round "3.13"]
[White "Perrin, Brent"]
[Black "Nazeer, Afique"]
[Result "1-0"]
[WhiteElo "1960"]
[BlackElo "1669"]

1. e4 e5 2. Nf3 Nf6 3. d3 Nc6 4. g3 Bc5 5. Bg2 h6 6. O-O d6 7. Nc3 Be6 8. Na4
Bb6 9. Nxb6 axb6 10. c3 Rxa2 11. Rxa2 Bxa2 12. b3 Na5 13. Nd2 Nxb3 14. Nxb3
Bxb3 15. Qxb3 O-O 16. d4 c5 17. Rd1 Qc7 18. Be3 Nd7 19. Ra1 Kh8 20. Bh3 Nb8 21.
Ra8 Kh7 22. Qd5 Re8 23. Bf5+ g6 24. Bh3 Re7 25. Ra1 Na6 26. Bg2 cxd4 27. cxd4
f5 28. Rc1 Qd7 29. exf5 gxf5 30. Bh3 Kg6 31. dxe5 Rxe5 32. Qg8+ 1-0

[Event "Wellington Open 2023"]
[Site "Wellington Chess Club"]
[Date "2023.04.08"]
[Round "3.14"]
[White "Benitez, Edgar"]
[Black "Brockway, Andrew"]
[Result "0-1"]
[WhiteElo "1930"]
[BlackElo "1662"]

1. d4 Nf6 2. c4 e6 3. a3 d5 4. Nc3 c6 5. Bg5 h6 6. Bh4 Be7 7. e3 Nbd7 8. Nf3
O-O 9. Bd3 dxc4 10. Bxc4 b5 11. Bd3 a6 12. O-O c5 13. dxc5 Nxc5 14. Bc2 Bb7 15.
Qe2 Nd5 16. Nxd5 Bxd5 17. Bxe7 Qxe7 18. Rfd1 Bc4 19. Qe1 Bd5 20. e4 Bb7 21. Qe3
e5 22. Rac1 Rac8 23. h3 Ba8 24. g3 Qb7 25. Rd5 Nxe4 26. Bxe4 Rxc1+ 27. Qxc1 f5
28. Qd2 fxe4 29. Rd7 e3 30. Rxb7 exd2 31. Rd7 Bxf3 32. Rxd2 Rc8 33. g4 Rc7 34.
Kh2 Kf7 35. Kg3 Bb7 36. f3 e4 37. fxe4 Bxe4 38. Kf4 Bb7 39. Kg3 Re7 40. Rc2 Bd5
41. Rd2 Bc4 42. Kf4 Kg6 43. Rd6+ Re6 44. Rxe6+ Bxe6 45. Kg3 Kf6 46. h4 Ke5 47.
Kf3 g5 48. Kg3 Ke4 0-1

[Event "Wellington Open 2023"]
[Site "Wellington Chess Club"]
[Date "2023.04.08"]
[Round "3.15"]
[White "Yu, Zachary"]
[Black "Ashe, Michael"]
[Result "1-0"]
[WhiteElo "1885"]
[BlackElo "1659"]

1. d4 Nf6 2. c4 e6 3. Nf3 Bb4+ 4. Nbd2 O-O 5. g3 d5 6. Qc2 c6 7. Bg2 Re8 8. O-O
Nbd7 9. Rd1 Bf8 10. e4 dxe4 11. Nxe4 Qc7 12. Bf4 Qb6 13. c5 Qd8 14. Nd6 Bxd6
15. Bxd6 Nd5 16. h4 N7f6 17. Ne5 Nd7 18. Nd3 N7f6 19. b4 Nc7 20. a4 a5 21. Rab1
Nfd5 22. Ne5 f6 23. Nc4 Rb8 24. Re1 b5 25. cxb6 Nxb6 26. Bxc7 Qxc7 27. Nxb6
Qxb6 28. Qxc6 Qxc6 29. Bxc6 Rd8 30. Red1 Bd7 31. b5 Bxc6 32. bxc6 Rxb1 33. Rxb1
Rxd4 34. c7 1-0

[Event "Wellington Open 2023"]
[Site "Wellington Chess Club"]
[Date "2023.04.08"]
[Round "3.16"]
[White "Rossiter, Philip E"]
[Black "Hurndell, Robert"]
[Result "1/2-1/2"]
[WhiteElo "1858"]
[BlackElo "1626"]

1. c4 c5 2. Nc3 Nc6 3. Nf3 Nf6 4. g3 b6 5. Bg2 Bb7 6. O-O e6 7. e4 d6 8. d3 Be7
9. h3 Rc8 10. Be3 O-O 11. Qe2 Nd7 12. Rfd1 Nde5 13. Nxe5 dxe5 14. Rac1 Bg5 15.
Kh2 Bxe3 16. Qxe3 Nd4 17. Nb5 a6 18. Nxd4 exd4 19. Qd2 Qe7 20. Rf1 e5 21. f4 f5
22. Rce1 exf4 23. Rxf4 fxe4 24. Bxe4 Bxe4 25. Rexe4 Qd7 26. Qf2 Qd6 27. Kg2
Rxf4 28. Qxf4 Qxf4 29. gxf4 Kf7 30. Kf3 Rc6 31. Re5 Re6 32. Ke4 Rh6 33. Rd5
Rxh3 34. Rd7+ Kf8 35. Rb7 Rh6 36. Rb8+ Kf7 37. Rb7+ 1/2-1/2

[Event "Wellington Open 2023"]
[Site "Wellington Chess Club"]
[Date "2023.04.08"]
[Round "3.17"]
[White "Sun, Wanyao Sarah"]
[Black "Malcolm, Aidan"]
[Result "0-1"]
[WhiteElo "1635"]
[BlackElo "1838"]

1. e4 c5 2. Nf3 e6 3. d4 cxd4 4. Nxd4 Nf6 5. Nc3 Nc6 6. a3 Bc5 7. Nb3 Bb6 8.
Be2 a6 9. Bf4 Bc7 10. Qd2 Bxf4 11. Qxf4 d5 12. O-O-O d4 13. e5 Nd7 14. Nxd4
Nxd4 15. Rxd4 Qa5 16. Re4 b5 17. Bd3 Bb7 18. Re3 Rc8 19. Be4 Rc4 20. Qg5 b4 21.
Bxb7 bxc3 22. Rxc3 Rxc3 23. bxc3 Qxc3 24. Rd1 Qxa3+ 25. Kd2 Qb4+ 26. Ke2 Qxb7
27. Qxg7 Qe4+ 28. Kf1 Qxe5 29. Qxe5 Nxe5 30. Ra1 Ke7 31. Rxa6 Rc8 32. Ra2 Nc6
33. c3 Kd6 34. Ke2 Kc5 35. Ra4 Rg8 36. g3 Rg5 37. Rh4 h5 38. f4 Rf5 39. g4 Rxf4
40. Rxh5+ Kc4 41. h3 Kxc3 42. Rc5+ Rc4 43. Rxc4+ Kxc4 44. h4 Ne5 45. g5 Kd4 46.
Kf2 Ke4 47. Kg3 Kf5 48. Kh3 Kg6 49. Kg3 Kh5 0-1

[Event "Wellington Open 2023"]
[Site "Wellington Chess Club"]
[Date "2023.04.08"]
[Round "3.19"]
[White "Gold, Hamish R"]
[Black "Moshakova, Elena"]
[Result "1/2-1/2"]
[WhiteElo "1777"]
[BlackElo "1520"]

1. e3 Nf6 2. d4 d5 3. f4 Bg4 4. Be2 Bxe2 5. Qxe2 Nbd7 6. Nd2 e6 7. Ngf3 Be7 8.
Ne5 O-O 9. O-O c5 10. c3 Rc8 11. g4 Nxe5 12. fxe5 Ne4 13. Nxe4 dxe4 14. Bd2 c4
15. Be1 b5 16. a3 a5 17. Qg2 Qd5 18. g5 Qd8 19. Qxe4 Bxg5 20. Rf3 f5 21. Qc2
Qe8 22. Rg3 Bh4 23. Rg2 Bxe1 24. Rxe1 f4 25. exf4 Rxf4 26. Rf1 Rxf1+ 27. Kxf1
Qh5 28. Qe2 Rf8+ 29. Rf2 Rxf2+ 30. Qxf2 Qd1+ 31. Kg2 1/2-1/2

[Event "Wellington Open 2023"]
[Site "Wellington Chess Club"]
[Date "2023.04.08"]
[Round "3.21"]
[White "Howe, Alexander"]
[Black "Rose, Nathan"]
[Result "1/2-1/2"]
[WhiteElo "1556"]
[BlackElo "1737"]

1. e4 c5 2. c3 Nf6 3. e5 Nd5 4. d4 cxd4 5. Nf3 Nc6 6. Bc4 Nb6 7. Bb3 d5 8. exd6
Qxd6 9. O-O Be6 10. Bxe6 Qxe6 11. Nxd4 Nxd4 12. cxd4 g6 13. Re1 Qd7 14. Nc3 Rd8
15. Be3 Bg7 16. Qe2 O-O 17. Rad1 Nd5 18. Bg5 Bf6 19. Bh6 Rfe8 20. Ne4 Bg7 21.
Qd2 b6 22. h4 Qg4 23. f3 Qd7 24. h5 Rc8 25. hxg6 hxg6 26. Bxg7 Kxg7 27. Kf2 Qg4
28. Nc3 Qd7 29. Re5 e6 30. Rde1 Qc6 31. Nxd5 exd5 32. Rxe8 Rxe8 33. Rxe8 Qxe8
34. Qe3 Qxe3+ 35. Kxe3 f5 36. g4 fxg4 37. fxg4 g5 38. Kd3 Kf6 39. Kc3 Ke6 40.
Kb4 a6 1/2-1/2

[Event "Wellington Open 2023"]
[Site "Wellington Chess Club"]
[Date "2023.04.08"]
[Round "3.24"]
[White "Keith, Matthew"]
[Black "Sethuramalingam, Karthik"]
[Result "0-1"]
[WhiteElo "1621"]
[BlackElo "1415"]

1. d4 d5 2. c4 e6 3. Nc3 Be7 4. Nf3 Nf6 5. Bg5 h6 6. Bh4 O-O 7. cxd5 exd5 8. e3
Bf5 9. Bd3 Bxd3 10. Qxd3 c6 11. Bxf6 Bxf6 12. O-O Nd7 13. b4 Nb6 14. a4 Rc8 15.
Nd2 a6 16. Rfb1 Qc7 17. b5 cxb5 18. Rc1 bxa4 19. Nf1 Qd7 20. Rcb1 Rc6 21. Nxa4
Nxa4 22. Rxa4 Rfc8 23. Ra5 Bd8 24. Ra2 b5 25. Rba1 Qb7 26. Qf5 Rf6 27. Qe5 Bc7
28. Qe7 Bxh2+ 0-1

[Event "Wellington Open 2023"]
[Site "Wellington Chess Club"]
[Date "2023.04.08"]
[Round "3.25"]
[White "McConnell, Jack"]
[Black "Jones, Christopher"]
[Result "0-1"]
[WhiteElo "1512"]
[BlackElo "1596"]

1. d4 d5 2. c4 e6 3. Nc3 Nf6 4. cxd5 exd5 5. Bg5 c6 6. e3 Nbd7 7. Bd3 h6 8. Bf4
Bb4 9. a3 Ba5 10. b4 Bc7 11. Nge2 O-O 12. O-O Re8 13. b5 cxb5 14. Nxb5 Bxf4 15.
Nxf4 a6 16. Nd6 Re7 17. Nf5 Re8 18. Qf3 Nb6 19. Rfc1 Bxf5 20. Bxf5 Nc4 21. Nxd5
Nd2 22. Nxf6+ Qxf6 23. Qd1 Qxf5 24. Qxd2 Red8 25. Qc2 Qd5 26. Qa2 Qe4 27. Rc7
Rf8 28. Rac1 Rad8 29. Qb3 b5 30. g3 Rd6 31. R1c5 g6 32. Re5 Qf3 33. Ree7 Rxd4
34. Red7 Rxd7 35. Rxd7 Rc8 36. Qd1 Qxd1+ 37. Rxd1 Rc3 38. Ra1 f5 39. Kf1 Kf7
40. Ke1 Ke6 41. Kd2 Rc5 42. a4 b4 43. a5 Ke5 44. f3 Kd5 45. Rb1 Kc4 46. Rc1+
Kb5 47. Rxc5+ Kxc5 48. Kc2 Kc4 49. e4 fxe4 50. fxe4 Kd4 51. Kb3 Kxe4 52. Kxb4
Kd4 53. h3 g5 54. g4 Kd5 55. Kc3 Kc5 56. Kd3 Kb5 57. Ke4 Kxa5 58. Kf5 Kb5 59.
Kg6 a5 60. Kxh6 a4 61. Kxg5 a3 62. h4 a2 63. h5 a1=Q 64. h6 Qe5+ 65. Kg6 Qe6+
66. Kg7 Qxg4+ 67. Kh8 Qf5 68. Kg7 Qg5+ 69. Kh7 Kc6 0-1

[Event "Wellington Open 2023"]
[Site "Wellington Chess Club"]
[Date "2023.04.08"]
[Round "3.26"]
[White "Zhu, David Junyang"]
[Black "Sun, Taoran Ethan"]
[Result "1-0"]
[WhiteElo "1740"]
[BlackElo "1219"]

1. e4 c5 2. Nf3 e6 3. d4 cxd4 4. Nxd4 Nf6 5. Nc3 Bb4 6. e5 Nd5 7. Qg4 Nxc3 8.
Qxg7 Ne4+ 9. c3 Rf8 10. cxb4 Qb6 11. Nb5 Qxf2+ 12. Kd1 Na6 13. Bh6 d5 14. Qxf8+
Kd7 15. Bd3 Qxg2 16. Qxf7+ Kd8 17. Qf8+ Kd7 18. Qg7+ Qxg7 19. Bxg7 Nf2+ 20. Ke2
Nxh1 21. a3 Kd8 22. Bf6+ Ke8 23. Nd6+ Kd7 24. Bb5+ Kc7 25. Rxh1 b6 26. Rc1+ Kb8
27. Rxc8# 1-0

[Event "Wellington Open 2023"]
[Site "Wellington Chess Club"]
[Date "2023.04.08"]
[Round "3.27"]
[White "Kierstead, James"]
[Black "Yang, Edison J"]
[Result "0-1"]
[WhiteElo "1175"]
[BlackElo "1492"]

1. e4 e6 2. Nf3 d5 3. exd5 exd5 4. d4 Nf6 5. Nc3 Bd6 6. Be2 O-O 7. Bg5 c6 8.
O-O Bg4 9. h3 Bh5 10. Ne5 Bxe2 11. Qxe2 Re8 12. Rfe1 Nbd7 13. Qd2 Nxe5 14. dxe5
Bxe5 15. Bf4 Qc7 16. Bxe5 Rxe5 17. Re2 Ne4 18. Nxe4 dxe4 19. Rae1 f5 20. Kf1
Rd5 21. Qc3 Qh2 22. Re3 f4 23. Rxe4 Qh1+ 24. Ke2 Qxg2 25. Qf3 Rd2+ 26. Kxd2
Qxf3 27. Re8+ Rxe8 28. Rxe8+ Kf7 29. Re2 Qxh3 30. Re4 Qf3 31. Rb4 Qxf2+ 32. Kc3
Qe1+ 33. Kb3 Qxb4+ 34. Kxb4 f3 35. c4 f2 36. b3 f1=Q 37. a4 Qe1+ 38. Kc5 Qe5+
39. Kb4 a5+ 40. Ka3 Qa1# 0-1

[Event "Wellington Open 2023"]
[Site "Wellington Chess Club"]
[Date "2023.04.08"]
[Round "3.28"]
[White "Osborne, Geoff"]
[Black "Wang, Carol Huixin"]
[Result "1/2-1/2"]
[WhiteElo "1468"]
[BlackElo "1127"]

1. e4 e5 2. Nf3 Nc6 3. d4 exd4 4. Bc4 d6 5. h3 Nge7 6. Nxd4 Nxd4 7. Qxd4 Nc6 8.
Qd1 g6 9. Nc3 Bg7 10. O-O O-O 11. Re1 Be6 12. Nd5 a6 13. c3 b5 14. Bb3 Ne7 15.
Nf4 Qd7 16. h4 Bxb3 17. axb3 c6 18. h5 d5 19. e5 gxh5 20. Qxh5 Qf5 21. Qh4 Ng6
22. Nxg6 Qxg6 23. Re3 Qf5 24. Rg3 Kh8 25. Bh6 Bxh6 26. Qxh6 Qxe5 27. Rh3 Qg7
28. Qxc6 Qe5 29. Qh6 Qg7 30. Qd2 Rfd8 31. Re1 d4 32. Rd3 Rg8 33. g3 Qg5 34. Qd1
dxc3 35. bxc3 Rad8 36. Ree3 Rxd3 37. Rxd3 Qg4 38. Rf3 Rg7 39. Qe2 Qe6 40. Qxe6
fxe6 41. Rf8+ Rg8 42. Rxg8+ Kxg8 43. Kf1 Kf7 44. Ke2 Kf6 45. Kd3 e5 46. c4
bxc4+ 47. bxc4 a5 48. c5 a4 49. Kc3 Ke6 50. Kb4 Kd5 51. c6 Kxc6 52. Kxa4 Kc5
53. Kb3 Kd4 54. Kc2 Ke4 55. Kd2 Kf3 56. Ke1 h5 57. Kf1 e4 58. Kg1 e3 59. fxe3
Kxe3 60. Kg2 Ke4 61. Kh3 Kf5 62. Kh4 1/2-1/2

[Event "Wellington Open 2023"]
[Site "Wellington Chess Club"]
[Date "2023.04.08"]
[Round "4.1"]
[White "Croad, Nicolas"]
[Black "Sole, Michael"]
[Result "1-0"]
[WhiteElo "2442"]
[BlackElo "2142"]

1. d4 Nf6 2. c4 e6 3. Nc3 Bb4 4. Qc2 c5 5. dxc5 O-O 6. Nf3 Na6 7. a3 Bxc3+ 8.
Qxc3 Nxc5 9. b4 Nce4 10. Qc2 b6 11. Ng5 Bb7 12. f3 Nd6 13. Bb2 Nde8 14. e3 d5
15. Rd1 h6 16. Nh3 Qe7 17. cxd5 Nxd5 18. Qd2 Nef6 19. e4 Nc7 20. Qf4 Nfe8 21.
Bc4 a5 22. Bc3 Ba6 23. Bxa6 Nxa6 24. Qd2 axb4 25. axb4 Nf6 26. O-O Rfd8 27. Qb2
Ne8 28. Nf2 Rac8 29. Ra1 Nac7 30. Bd4 Rb8 31. Ra7 f6 32. Rd1 e5 33. Be3 Rxd1+
34. Nxd1 Qe6 35. Qa2 Qxa2 {(=)} 36. Rxa2 Nd6 37. Nc3 Nc4 38. Kf2 Nxe3 39. Kxe3
Ne6 40. Ra7 Nd4 41. Nd5 b5 42. f4 Kf8 43. f5 Rd8 44. g4 Rb8 45. Kf2 Nc6 46. Rc7
Nd8 47. h4 Nf7 48. Ra7 Nd6 49. Kf3 Rb7 50. Ra6 Ne8 51. g5 hxg5 52. hxg5 fxg5
53. Kg4 Kf7 54. Kxg5 Nc7 55. Rd6 Ne8 56. Rg6 Nc7 57. Ne3 Ra7 58. Ng4 Ra6 59.
Nxe5+ Kf8 60. Rc6 Rxc6 61. Nxc6 Ke8 62. Kg6 Kf8 63. e5 Nd5 64. e6 Nf4+ 65. Kg5
Nd5 66. Kg4 Nc7 67. Kf4 g6 68. Kg5 gxf5 69. Kxf5 Ke8 70. Ke5 Na8 71. Kd6 Kf8
72. Kd7 Nb6+ 73. Kd8 Nd5 74. e7+ 1-0

[Event "Wellington Open 2023"]
[Site "Wellington Chess Club"]
[Date "2023.04.08"]
[Round "4.2"]
[White "Dive, Russell"]
[Black "Malcolm, Leo"]
[Result "1-0"]
[WhiteElo "2350"]
[BlackElo "1777"]

1. Nf3 d5 2. c4 d4 3. g3 g5 4. d3 g4 5. Nfd2 e5 6. h3 h5 7. hxg4 h4 8. Nf3 Bg7
9. Bg5 Qd6 10. Rxh4 Rxh4 11. Bxh4 Bxg4 12. Nbd2 f5 13. Qb3 Qa6 14. c5 Nh6 15.
Ng5 Qc6 16. Bg2 e4 17. dxe4 f4 18. Kf1 Nd7 19. e5 Qxc5 20. gxf4 Bxe5 21. fxe5
Qxe5 22. Ngf3 Qg7 23. Qxb7 Rb8 24. Qe4+ Kf8 25. Qxd4 Rxb2 26. Be7+ Kg8 27.
Qxg7+ Kxg7 28. Nc4 Rb8 29. Ne3 Re8 30. Bg5 1-0

[Event "Wellington Open 2023"]
[Site "Wellington Chess Club"]
[Date "2023.04.08"]
[Round "4.3"]
[White "Tang, Hao"]
[Black "Ker, Anthony"]
[Result "0-1"]
[WhiteElo "2133"]
[BlackElo "2425"]

1. d4 Nf6 2. c4 e6 3. Nf3 Bb4+ 4. Bd2 Qe7 5. a3 Bxd2+ 6. Qxd2 O-O 7. Nc3 d6 8.
e3 e5 9. d5 a5 10. Be2 Nbd7 11. O-O Nc5 12. Qc2 a4 13. h3 g6 14. Nd2 Bf5 15. e4
Bd7 16. Rab1 b6 17. f4 exf4 18. Rxf4 Be8 19. Rbf1 Nfd7 20. Nb5 Ne5 21. Nd4 Bd7
22. Nb1 Qg5 23. Kh2 Rae8 24. Nc3 Re7 25. Ndb5 Bxb5 26. cxb5 Ra8 27. Qd1 h5 28.
h4 Qh6 29. Kh1 Qg7 30. Qd4 Ned3 31. Qxg7+ Kxg7 32. R4f3 Ne5 33. Rg3 Ned7 34.
Rgf3 f6 35. Re3 Rae8 36. Bd3 f5 37. Bc2 Nf6 38. Nxa4 Nxd5 39. Re2 Nxe4 40. Kg1
Ng3 41. Rxe7+ Rxe7 42. Rf3 f4 43. Bd3 Re1+ 44. Kf2 Rd1 45. Nc3 Nxc3 46. bxc3
Kh6 47. Be2 Rd2 48. Rxf4 Nxe2 49. Ke3 Nxf4 0-1